UM Logo

Health promotion programs : (Record no. 13722)

MARC details
000 -LEADER
fixed length control field 00806nam a22002177a 4500
008 - FIXED-LENGTH DATA ELEMENTS--GENERAL INFORMATION
fixed length control field 190402b ||||| |||| 00| 0 eng d
020 ## - INTERNATIONAL STANDARD BOOK NUMBER
International Standard Book Number 9781119163343
082 ## - DEWEY DECIMAL CLASSIFICATION NUMBER
Edition number 2016
Classification number AV-Eb 362.1
Item number F411
100 ## - MAIN ENTRY--PERSONAL NAME
Personal name Fertman, Carl I.
9 (RLIN) 38146
110 ## - MAIN ENTRY--CORPORATE NAME
Corporate name or jurisdiction name as entry element Society for Public Health Education
9 (RLIN) 38147
245 ## - TITLE STATEMENT
Title Health promotion programs :
Remainder of title from theory to practice /
Statement of responsibility, etc. Carl I. Fertman, Diane D. Allensworth,
250 ## - EDITION STATEMENT
Edition statement Second Edition
260 ## - PUBLICATION, DISTRIBUTION, ETC. (IMPRINT)
Name of publisher, distributor, etc. John Wiley & Sons, Incorporated,
Date of publication, distribution, etc. ©2016.
300 ## - PHYSICAL DESCRIPTION
Extent 499 pages;
440 ## - SERIES STATEMENT/ADDED ENTRY--TITLE
Title Jossey-Bass Public Health Ser.
9 (RLIN) 38148
500 ## - GENERAL NOTE
General note Includes index
650 ## - SUBJECT ADDED ENTRY--TOPICAL TERM
Topical term or geographic name as entry element Health promotion.
9 (RLIN) 38149
700 ## - ADDED ENTRY--PERSONAL NAME
Personal name Allensworth, Diane D.
9 (RLIN) 38150
856 ## - ELECTRONIC LOCATION AND ACCESS
Link text https://ebookcentral.proquest.com/lib/uniofmindanao-ebooks/detail.action?docID=4718311
942 ## - ADDED ENTRY ELEMENTS (KOHA)
Source of classification or shelving scheme Dewey Decimal Classification
Koha item type Ebooks
Holdings
Withdrawn status Lost status Source of classification or shelving scheme Damaged status Not for loan Home library Current library Shelving location Date acquired Source of acquisition Total Checkouts Full call number Barcode Date last seen Copy number Price effective from Koha item type
    Dewey Decimal Classification     UM Digos College - LIC UM Digos College - LIC Processing Center 04/02/2019 Downloaded   AV-Eb 362.1 F411 Eb131 04/02/2019 1 04/02/2019 Ebooks